000 00522nam a22001697a 4500
999 _c8926
_d8926
008 210305b ||||| |||| 00| 0 eng d
040 _aBMS College of Architecture
100 _aSankangoudar, V Deepika
245 _aAcademy of Architecture
300 _a61p.
500 _a1BM08AT008
502 _8B.Arch
_NBMS College of Architecture, Visvesvaraya Technological University (VTU)
_aProject Report
_d2013
650 _aArchitecture
700 _aVaseem A S
_eGuide
700 _aSathish S Rao
_eGuide
942 _2ddc
_cTHE